Βιβλίο αξιολόγησης μαθητή

Αποθηκεύτηκε σε:
Λεπτομέρειες βιβλιογραφικής εγγραφής
Κύριος συγγραφέας: Ξηρόφωτος, Θωμάς
Μορφή: Βιβλίο
Γλώσσα:Greek
Δημοσίευση: Αθήνα : Γρηγόρης, 1991
Θέματα:
Ετικέτες: Προσθήκη ετικέτας
Δεν υπάρχουν, Καταχωρήστε ετικέτα πρώτοι!

MARC

LEADER 00000nam a2200000 i 4500
001 1/80053
008 960826s1991 gre d
020 |a 960-222-335-9 
035 |a 1993  |b 1  |c Βιβλιοθήκη  |l 10033346 
040 |a GR-MY-UA  |b gre  |e aacr 
041 0 |a gre 
082 0 |a 371.272 
100 1 |a Ξηρόφωτος, Θωμάς. 
245 1 0 |a Βιβλίο αξιολόγησης μαθητή /  |c Θωμάς Ξηρόφωτος 
260 |a Αθήνα :   |b Γρηγόρης,   |c 1991 
300 |a [χ.ά.] 
650 0 0 |a Grading and marking (Students) 
852 |a INST  |b RHODES  |e 19960826  |h 371.272 ΞΗΡ  |p 005400009589  |q 005400009589  |t BK  |y 0 
909 |a Ρ  |b 025734  |c 1993 
970 |z 2000/06/ΚΑΤΕΡΙΝΑ